Statistics for Turkey - Croatia UEFA Euro 2016

Click here to take the quiz!

General Stats

  • This quiz has been taken 30 times
  • The average score is 16 of 30

Answer Stats

Answer % Correct
Luka Modrić ¹
96%
Mario Mandžukić
89%
Danijel Subašić
82%
Ivan Perišić
82%
Ivan Rakitić
79%
Arda Turan
75%
Darijo Srna
71%
Vedran Ćorluka
71%
Domagoj Vida
68%
Burak Yılmaz
64%
Ivan Strinić
61%
Cenk Tosun
57%
Marcelo Brozović
57%
Emre Mor
54%
Volkan Babacan
50%
Hakan Çalhanoğlu
50%
Marko Pjaca
46%
Milan Badelj
46%
Andrej Kramarić
46%
Caner Erkin
46%
Selçuk İnan
43%
Fatih Terim
43%
Gökhan Gönül
39%
Mehmet Topal
36%
Ante Čačić
36%
Ozan Tufan
29%
Hakan Balta
25%
Volkan Şen
21%
Oğuzhan Özyakup
18%
Gordon Schildenfeld
18%

Score Distribution

Percentile by Number Answered

Percent of People with Each Score

Your Score History

You have not taken this quiz